000 00783nab a2200253 u 4500
001 21331
003 HDC
007 cr bn ---aaaaa
008 210306c mydr|nes 0 a eng d
040 _aHDC
245 0 _aMatrade saran firma rebut perdagangan sempadan
260 _aMalaysia :
_bBERITA HARIAN,
_c2016
300 _a1pages
336 _atext
_2rdacontent
337 _acomputer
_2rdamedia
338 _aonline resource
_2rdacarrier
650 _afinance
_9103
650 _atrade sectors
_918575
710 _aBERITA HARIAN
856 _zRequest full-text at [email protected]
942 _2lcc
942 _cNEWS
942 _kNWSC 010395
999 _c18647
_d18647